000 00722cam a2200229 a 4500
001 4471347
005 20180314052010.0
008 960617s1996 nyua b 001 0 eng
010 _a 96026913
020 _a0471146315 (cloth : alk. paper)
040 _aDLC
_cDLC
_dDLC
041 _aeng
080 _a658.15 FIN
082 0 0 _a658.15 FIN
_220
100 1 _a54
101 _aMEN
245 1 0 _aProject financing :
_cJohn D. Finnerty.
504 _aIncludes bibliographical references (p. 351-357) and index.
906 _a7
_bcbc
_corignew
_d1
_eocip
_f19
_gy-gencatlg
942 _2ddc
_cBK
999 _c44982
_d44982